Najczęstsze nazwiska w USA - Ekstremalny - Statystyki

Ogólne statystyki
  • Ten quiz został rozwiązany 17 razy
  • Średni wynik to 41 z 500
Statystyki odpowiedzi
# Nazwisko % Poprawnych
2 442 977 Smith
100%
1 932 812 Johnson
73%
154 738 Black
67%
660 491 White
67%
708 099 Jackson
60%
110 967 Le
60%
106 696 Park
60%
336 221 Parker
60%
427 865 Adams
53%
84 018 Bush
53%
430 182 Green
53%
111 786 Li
53%
1 437 026 Brown
47%
249 379 James
47%
176 865 Kennedy
47%
137 513 Peters
47%
278 297 Peterson
47%
562 679 Clark
40%
624 252 Harris
40%
465 422 King
40%
79 508 Lin
40%
702 625 Martin
40%
180 497 Mcdonald
40%
1 625 252 Williams
40%
376 966 Carter
33%
201 746 Hamilton
33%
156 780 Holmes
33%
693 023 Lee
33%
724 374 Moore
33%
78 256 Paul
33%
376 774 Roberts
33%
751 209 Taylor
33%
195 818 West
33%
784 404 Anderson
27%
1 116 357 Davis
27%
184 832 Ford
27%
67 304 Frank
27%
181 091 Harrison
27%
170 964 Henry
27%
264 826 Howard
27%
1 425 470 Jones
27%
531 781 Lewis
27%
874 523 Lopez
27%
1 161 437 Miller
27%
1 094 924 Rodriguez
27%
163 181 Simpson
27%
664 644 Thompson
27%
177 386 Washington
27%
252 579 Watson
27%
250 715 Wood
27%
135 044 Armstrong
20%
192 773 Bryant
20%
120 552 Carlson
20%
119 076 Carr
20%
329 770 Collins
20%
103 930 Davidson
20%
332 423 Edwards
20%
355 593 Evans
20%
152 334 Fox
20%
169 149 Freeman
20%
1 166 120 Garcia
20%
128 625 George
20%
190 667 Gibson
20%
365 655 Gomez
20%
102 538 Holland
20%
118 614 Jacobs
20%
208 403 Jordan
20%
267 394 Kelly
20%
82 873 Love
20%
103 306 May
20%
318 884 Morris
20%
182 719 Owens
20%
529 821 Robinson
20%
76 095 Rodgers
20%
302 261 Rogers
20%
229 368 Ross
20%
439 530 Scott
20%
185 674 Stevens
20%
324 957 Stewart
20%
153 329 Stone
20%
756 142 Thomas
20%
130 152 Willis
20%
801 882 Wilson
20%
204 621 Alexander
13%
482 607 Allen
13%
218 241 Barnes
13%
86 081 Benson
13%
136 720 Bradley
13%
73 145 Brady
13%
129 898 Carpenter
13%
68 281 Clarke
13%
195 289 Cole
13%
280 791 Cooper
13%
74 919 Curry
13%
101 801 Curtis
13%
347 636 Diaz
13%
135 187 Duncan
13%
89 401 Duran
13%
78 327 Francis
13%
120 621 Franklin
13%
841 025 Gonzalez
13%
142 277 Grant
13%
124 461 Harper
13%
218 393 Henderson
13%
1 043 281 Hernandez
13%
434 827 Hill
13%
262 352 Kim
13%
129 699 Lawrence
13%
83 510 Mann
13%
1 060 159 Martinez
13%
121 130 Morrison
13%
308 417 Murphy
13%
101 931 Newman
13%
74 092 Newton
13%
77 923 O'Connor
13%
156 601 Palmer
13%
88 586 Parks
13%
221 741 Perry
13%
360 802 Phillips
13%
72 175 Potter
13%
76 986 Quinn
13%
133 171 Ray
13%
111 360 Reid
13%
130 529 Richards
13%
259 798 Richardson
13%
153 666 Robertson
13%
72 918 Roman
13%
153 397 Rose
13%
612 752 Sanchez
13%
80 460 Simon
13%
139 951 Spencer
13%
75 169 Stevenson
13%
87 000 Terry
13%
523 129 Walker
13%
127 083 Watkins
13%
177 425 Woods
13%
484 447 Young
13%
133 799 Andrews
7%
138 893 Arnold
7%
119 706 Austin
7%
419 586 Baker
7%
105 833 Banks
7%
93 786 Beck
7%
220 599 Bell
7%
78 822 Bowen
7%
251 663 Brooks
7%
122 877 Burke
7%
218 847 Butler
7%
386 157 Campbell
7%
134 317 Carroll
7%
184 134 Castro
7%
76 664 Chan
7%
81 939 Chang
7%
250 898 Chavez
7%
302 589 Cook
7%
261 231 Cox
7%
164 457 Crawford
7%
77 557 Cross
7%
334 201 Cruz
7%
80 526 Daniel
7%
146 570 Daniels
7%
83 182 Dawson
7%
105 091 Day
7%
159 480 Dixon
7%
101 458 Douglas
7%
141 427 Dunn
7%
135 765 Elliott
7%
188 968 Ellis
7%
127 470 Estrada
7%
146 426 Ferguson
7%
214 703 Fisher
7%
227 764 Foster
7%
74 324 Garner
7%
74 948 Gill
7%
73 136 Goodman
7%
246 116 Gray
7%
91 384 Gregory
7%
198 406 Griffin
7%
74 503 Gross
7%
111 144 Hanson
7%
80 252 Hardy
7%
137 184 Hart
7%
115 662 Harvey
7%
96 810 Hopkins
7%
134 963 Hudson
7%
236 271 Hughes
7%
89 700 Jennings
7%
131 373 Johnston
7%
122 587 Larson
7%
229 374 Long
7%
107 690 Lucas
7%
104 518 Luna
7%
71 286 Malone
7%
74 949 Manning
7%
183 922 Marshall
7%
160 213 Mason
7%
131 303 Matthews
7%
161 717 Mendez
7%
115 953 Montgomery
7%
184 910 Murray
7%
437 645 Nguyen
7%
145 584 Nichols
7%
89 796 Norris
7%
164 035 Olson
7%
205 423 Patterson
7%
142 601 Payne
7%
67 411 Person
7%
138 629 Pierce
7%
163 054 Porter
7%
224 874 Powell
7%
557 423 Ramirez
7%
277 030 Reed
7%
327 904 Reyes
7%
200 247 Reynolds
7%
90 670 Rhodes
7%
78 381 Robbins
7%
221 558 Russell
7%
143 452 Ryan
7%
69 943 Saunders
7%
147 034 Schmidt
7%
160 400 Shaw
7%
70 502 Sherman
7%
161 633 Silva
7%
113 374 Sims
7%
96 867 Stanley
7%
144 646 Stephens
7%
220 990 Sullivan
7%
437 813 Torres
7%
348 627 Turner
7%
116 673 Vega
7%
97 040 Wade
7%
89 376 Walters
7%
109 883 Wang
7%
260 464 Ward
7%
83 781 Warner
7%
168 878 Webb
7%
176 230 Wells
7%
114 959 Williamson
7%
68 649 Wise
7%
70 031 Wolf
7%
111 371 Wong
7%
458 980 Wright
7%
71 721 Wu
7%
70 125 Zhang
7%
103 418 Acosta
0%
73 599 Adkins
0%
186 512 Aguilar
0%
79 517 Aguirre
0%
133 501 Alvarado
0%
233 983 Alvarez
0%
97 314 Avila
0%
92 463 Ayala
0%
277 845 Bailey
0%
80 742 Baldwin
0%
78 848 Barber
0%
87 162 Barker
0%
95 681 Barnett
0%
100 104 Barrett
0%
68 233 Barton
0%
95 622 Bates
0%
87 859 Becker
0%
247 599 Bennett
0%
132 812 Berry
0%
116 618 Bishop
0%
78 026 Blair
0%
73 797 Blake
0%
105 007 Bowman
0%
153 469 Boyd
0%
103 318 Brewer
0%
73 931 Burgess
0%
165 925 Burns
0%
110 529 Burton
0%
92 904 Byrd
0%
83 621 Cabrera
0%
77 085 Calderon
0%
93 944 Caldwell
0%
67 893 Camacho
0%
96 111 Campos
0%
71 085 Cannon
0%
77 652 Cardenas
0%
91 129 Carrillo
0%
71 368 Castaneda
0%
230 420 Castillo
0%
82 161 Cervantes
0%
94 988 Chambers
0%
79 186 Chandler
0%
127 939 Chapman
0%
169 580 Chen
0%
75 143 Christensen
0%
89 091 Cohen
0%
219 070 Coleman
0%
67 338 Colon
0%
130 164 Contreras
0%
101 694 Cortez
0%
92 507 Craig
0%
79 316 Cummings
0%
135 718 Cunningham
0%
114 030 Dean
0%
72 109 Delacruz
0%
87 414 Deleon
0%
132 985 Delgado
0%
78 482 Dennis
0%
119 304 Dominguez
0%
74 458 Doyle
0%
82 085 Erickson
0%
112 154 Espinoza
0%
69 617 Farmer
0%
180 842 Fernandez
0%
107 522 Fields
0%
98 468 Figueroa
0%
72 357 Fischer
0%
75 356 Fitzgerald
0%
90 677 Fleming
0%
83 063 Fletcher
0%
433 969 Flores
0%
104 515 Fowler
0%
69 943 Franco
0%
92 152 Frazier
0%
81 006 Fuentes
0%
110 116 Fuller
0%
69 834 Gallagher
0%
68 373 Gallegos
0%
142 894 Gardner
0%
110 697 Garrett
0%
147 005 Garza
0%
114 940 Gilbert
0%
214 758 Gonzales
0%
72 451 Goodwin
0%
161 833 Gordon
0%
201 159 Graham
0%
84 179 Graves
0%
126 101 Greene
0%
78 260 Griffith
0%
70 071 Guerra
0%
128 677 Guerrero
0%
293 218 Gutierrez
0%
167 044 Guzman
0%
86 240 Hail
0%
86 618 Hale
0%
407 076 Hall
0%
69 515 Hammond
0%
69 472 Hampton
0%
137 977 Hansen
0%
74 737 Harmon
0%
66 959 Harrington
0%
139 751 Hawkins
0%
194 246 Hayes
0%
85 974 Haynes
0%
192 711 Herrera
0%
158 320 Hicks
0%
79 803 Higgins
0%
71 717 Hines
0%
70 223 Hodges
0%
131 401 Hoffman
0%
87 531 Holt
0%
85 195 Horton
0%
112 041 Howell
0%
72 328 Huang
0%
70 362 Hubbard
0%
158 421 Hunt
0%
162 440 Hunter
0%
69 345 Ingram
0%
222 653 Jenkins
0%
115 679 Jensen
0%
227 118 Jimenez
0%
100 959 Joseph
0%
101 949 Juarez
0%
98 268 Keller
0%
140 693 Kelley
0%
76 171 Khan
0%
81 471 Klein
0%
136 713 Knight
0%
93 678 Lambert
0%
134 227 Lane
0%
83 067 Lara
0%
119 053 Lawson
0%
86 363 Leon
0%
91 475 Leonard
0%
105 936 Little
0%
78 370 Liu
0%
67 909 Logan
0%
92 260 Lowe
0%
117 708 Lynch
0%
84 516 Lyons
0%
71 056 Mack
0%
121 526 Maldonado
0%
107 533 Marquez
0%
67 961 Maxwell
0%
82 950 Mccarthy
0%
110 744 Mccoy
0%
88 728 Mcdaniel
0%
74 542 Mcgee
0%
83 616 Mckinney
0%
74 816 Mclaughlin
0%
188 497 Medina
0%
104 057 Mejia
0%
242 771 Mendoza
0%
150 895 Meyer
0%
84 942 Miles
0%
151 942 Mills
0%
93 628 Miranda
0%
384 486 Mitchell
0%
96 979 Molina
0%
71 844 Montoya
0%
311 777 Morales
0%
88 615 Moran
0%
196 925 Moreno
0%
286 280 Morgan
0%
76 908 Moss
0%
71 646 Mullins
0%
158 483 Munoz
0%
229 895 Myers
0%
99 807 Navarro
0%
91 694 Neal
0%
424 958 Nelson
0%
67 704 Norman
0%
125 350 Nunez
0%
118 557 Obrien
0%
78 677 Ochoa
0%
115 900 Oliver
0%
127 256 Ortega
0%
286 899 Ortiz
0%
77 642 Pacheco
0%
105 365 Padilla
0%
82 992 Page
0%
67 310 Parsons
0%
229 973 Patel
0%
101 836 Pearson
0%
130 776 Pena
0%
681 645 Perez
0%
131 440 Perkins
0%
84 320 Pham
0%
91 970 Powers
0%
235 251 Price
0%
263 464 Ramos
0%
78 350 Ramsey
0%
73 919 Reese
0%
81 978 Reeves
0%
149 500 Rice
0%
133 872 Riley
0%
127 794 Rios
0%
76 205 Rivas
0%
391 114 Rivera
0%
82 458 Robles
0%
108 421 Rojas
0%
208 614 Romero
0%
75 185 Rosales
0%
69 879 Rowe
0%
238 234 Ruiz
0%
152 703 Salazar
0%
81 156 Salinas
0%
230 374 Sanders
0%
128 948 Sandoval
0%
122 212 Santiago
0%
137 232 Santos
0%
101 290 Schneider
0%
67 977 Schroeder
0%
104 888 Schultz
0%
90 071 Schwartz
0%
75 996 Serrano
0%
78 990 Sharp
0%
90 517 Shelton
0%
210 182 Simmons
0%
116 749 Singh
0%
160 262 Snyder
0%
82 146 Solis
0%
144 451 Soto
0%
88 230 Steele
0%
67 769 Strickland
0%
90 964 Sutton
0%
76 897 Swanson
0%
71 058 Tate
0%
83 967 Thornton
0%
71 759 Todd
0%
69 360 Townsend
0%
188 498 Tran
0%
73 664 Trujillo
0%
167 446 Tucker
0%
124 995 Valdez
0%
70 000 Valencia
0%
173 835 Vargas
0%
212 781 Vasquez
0%
88 060 Vaughn
0%
138 322 Vazquez
0%
80 364 Velasquez
0%
155 795 Wagner
0%
197 276 Wallace
0%
105 079 Walsh
0%
73 854 Walton
0%
152 147 Warren
0%
67 929 Waters
0%
89 649 Watts
0%
143 837 Weaver
0%
109 433 Weber
0%
72 625 Webster
0%
108 987 Welch
0%
125 058 Wheeler
0%
83 928 Wolfe
0%
106 033 Yang
0%
83 265 Zimmerman
0%
Nie znaleziono quizów pasujących do podanych kryteriów
Rozkład punktacji
Procent ludzi z każdym wynikiem
Percentyl według liczby udzielonych odpowiedzi
Twoja historia wyników
Nie rozwiązałeś tego quizu